2005 IEEE Wireless communications and networking conference : WCNC 2005 new orleans, la USA
Gardado en:
| Formato: | Libro |
|---|---|
| Idioma: | Undetermined |
| Publicado: |
IEEE
2005
|
| Những chủ đề: | |
| Các nhãn: |
Engadir etiqueta
Sen Etiquetas, Sexa o primeiro en etiquetar este rexistro!
|
| Thư viện lưu trữ: | Trung tâm Học liệu Trường Đại học Cần Thơ |
|---|
| LEADER | 00489nam a2200169Ia 4500 | ||
|---|---|---|---|
| 001 | CTU_103174 | ||
| 008 | 210402s9999 xx 000 0 und d | ||
| 020 | |c 415.66 | ||
| 082 | |a 621.382 | ||
| 082 | |b T974 | ||
| 245 | 0 | |a 2005 IEEE Wireless communications and networking conference : | |
| 245 | 0 | |b WCNC 2005 new orleans, la USA | |
| 260 | |b IEEE | ||
| 260 | |c 2005 | ||
| 650 | |a Wireless communication systems | ||
| 904 | |i M.Loan | ||
| 980 | |a Trung tâm Học liệu Trường Đại học Cần Thơ | ||